[Event "Veliko Gradiste Silver Lake op-A"]
[Site "Veliko Gradiste"]
[Date "2023.06.20"]
[Round "4"]
[White "Aswath, S."]
[Black "Markovic, Zoran S"]
[Result "1/2-1/2"]
[WhiteElo "2108"]
[BlackElo "2293"]
[PlyCount "38"]
[EventDate "2023.06.18"]
[EventType "swiss"]
[EventRounds "9"]
[EventCountry "SRB"]
[SourceTitle "CBM 215 Extra"]
[Source "ChessBase"]
[SourceDate "2023.09.30"]
[SourceVersion "1"]
[SourceVersionDate "2023.09.30"]
[SourceQuality "1"]

1. d4 d5 2. c4 e6 3. g3 Nf6 4. Bg2 Be7 5. Nf3 0-0 6. 0-0 dxc4 7. Qc2 a6 8. a4 Bd7 9. Qxc4 Bc6 10. Bg5 Bd5 11. Qc2 Be4 12. Qc1 h6 13. Bxf6 Bxf6 14. Rd1 a5 15. Nbd2 Bxf3 16. Bxf3 c6 17. e3 Na6 18. Ne4 Be7 19. Qc2 Qb6 1/2-1/2

[Event "Veliko Gradiste Silver Lake op-A"]
[Site "Veliko Gradiste"]
[Date "2022.06.25"]
[Round "8"]
[White "Markovic, Zoran S"]
[Black "Sadikhov, Ulvi Ramil Oglu"]
[Result "1/2-1/2"]
[WhiteElo "2313"]
[BlackElo "2491"]
[PlyCount "55"]
[EventDate "2022.06.19"]
[EventType "swiss"]
[EventRounds "9"]
[EventCountry "SRB"]
[SourceTitle "CBM 209 Extra"]
[Source "ChessBase"]
[SourceDate "2022.09.30"]
[SourceVersion "1"]
[SourceVersionDate "2022.09.30"]
[SourceQuality "1"]

1. e4 c5 2. Nf3 Nc6 3. d4 cxd4 4. Nxd4 Qb6 5. Nb3 Nf6 6. Nc3 e6 7. Bd3 a6 8. Be3 Qc7 9. f4 d6 10. Qf3 b5 11. g4 h6 12. 0-0-0 Bb7 13. Kb1 Be7 14. Rhg1 Nd7 15. Qf2 Na5 16. Nxa5 Qxa5 17. e5 dxe5 18. f5 0-0-0 19. fxe6 fxe6 20. Be4 Qc7 21. Qf7 Bc5 22. Rde1 Bb4 23. Bxb7+ Kxb7 24. Qxg7 Bxc3 25. bxc3 Qxc3 26. Bc1 Qc4 27. Rd1 Qc6 28. Rgf1 1/2-1/2

[Event "Veliko Gradiste Silver Lake op-A"]
[Site "Veliko Gradiste"]
[Date "2022.06.22"]
[Round "5"]
[White "Markovic, Zoran S"]
[Black "Efremov, Vladislav"]
[Result "1/2-1/2"]
[WhiteElo "2313"]
[BlackElo "2125"]
[PlyCount "35"]
[EventDate "2022.06.19"]
[EventType "swiss"]
[EventRounds "9"]
[EventCountry "SRB"]
[SourceTitle "CBM 209 Extra"]
[Source "ChessBase"]
[SourceDate "2022.09.30"]
[SourceVersion "1"]
[SourceVersionDate "2022.09.30"]
[SourceQuality "1"]

1. e4 c5 2. Nf3 Nf6 3. e5 Nd5 4. Nc3 e6 5. Nxd5 exd5 6. d4 Nc6 7. dxc5 Bxc5 8. Qxd5 d6 9. exd6 Qb6 10. Qe4+ Be6 11. Qh4 Bxd6 12. Be2 0-0 13. 0-0 Bf5 14. Bd3 Bxd3 15. cxd3 Bc5 16. b3 Nd4 17. Nxd4 Bxd4 18. Rb1 1/2-1/2

[Event "Veliko Gradiste Silver Lake op-A"]
[Site "Veliko Gradiste"]
[Date "2022.06.21"]
[Round "4"]
[White "Stremavicius, Titas"]
[Black "Markovic, Zoran S"]
[Result "1-0"]
[WhiteElo "2495"]
[BlackElo "2313"]
[PlyCount "119"]
[EventDate "2022.06.19"]
[EventType "swiss"]
[EventRounds "9"]
[EventCountry "SRB"]
[SourceTitle "CBM 209 Extra"]
[Source "ChessBase"]
[SourceDate "2022.09.30"]
[SourceVersion "1"]
[SourceVersionDate "2022.09.30"]
[SourceQuality "1"]

1. c4 e6 2. g3 Nf6 3. Bg2 d5 4. Nf3 Be7 5. b3 c5 6. e3 Nc6 7. Bb2 0-0 8. 0-0 b6 9. Nc3 Bb7 10. cxd5 Nxd5 11. Nxd5 exd5 12. d4 a5 13. Qd2 a4 14. Rfd1 axb3 15. axb3 Rxa1 16. Bxa1 Qa8 17. Bc3 Rd8 18. Qb2 Bf8 19. Ne1 cxd4 20. Bxd4 Nxd4 21. Qxd4 Bc5 22. Qb2 Be7 23. Qe5 Bd6 24. Qf5 Qa5 25. Bxd5 Bxd5 26. Qxd5 Qxd5 27. Rxd5 Be7 28. Rb5 Rd6 29. Nf3 Kf8 30. Ne5 Bd8 31. Nc4 Rc6 32. f4 g6 33. Kg2 Bc7 34. e4 Ke7 35. Kf3 h5 36. h3 Ke6 37. g4 hxg4+ 38. hxg4 Rc5 39. Rxc5 bxc5 40. Ke3 Bb8 41. e5 Kd5 42. g5 Bc7 43. Kd3 Ke6 44. Ke4 Bd8 45. Nd6 Bc7 46. Ne8 Bb8 47. Ng7+ Ke7 48. f5 gxf5+ 49. Nxf5+ Ke6 50. Ng7+ Ke7 51. Kd5 Bc7 52. Nf5+ Kf8 53. Nd6 Bd8 54. Ne4 Be7 55. Kc6 Ke8 56. Nf6+ Kd8 57. Kd5 Kc7 58. e6 fxe6+ 59. Kxe6 Kd8 60. Kf7 1-0

[Event "Veliko Gradiste Silver Lake op-A"]
[Site "Veliko Gradiste"]
[Date "2022.06.19"]
[Round "1"]
[White "Jevtic, Miroljub L"]
[Black "Markovic, Zoran S"]
[Result "0-1"]
[WhiteElo "1986"]
[BlackElo "2313"]
[PlyCount "104"]
[EventDate "2022.06.19"]
[EventType "swiss"]
[EventRounds "9"]
[EventCountry "SRB"]
[SourceTitle "CBM 209 Extra"]
[Source "ChessBase"]
[SourceDate "2022.09.30"]
[SourceVersion "1"]
[SourceVersionDate "2022.09.30"]
[SourceQuality "1"]

1. d4 d5 2. Nf3 Nf6 3. Bf4 c5 4. e3 Nc6 5. c3 Qb6 6. Qb3 c4 7. Qxb6 axb6 8. Be2 Bf5 9. 0-0 h6 10. Nbd2 b5 11. a3 e6 12. Ne5 Nxe5 13. Bxe5 Nd7 14. g4 Bh7 15. Bg3 Nb6 16. Rfc1 Kd7 17. f3 Na4 18. e4 Nxb2 19. Rcb1 Rxa3 20. Rxa3 Bxa3 21. Ra1 Bd6 22. Bxd6 Kxd6 23. Kf2 Na4 24. Ra3 Ra8 25. Bd1 Nb6 26. Rxa8 Nxa8 27. Bc2 Kc7 28. h4 Kb6 29. Ke3 Nc7 30. Kf4 Na6 31. Ke5 Kc7 32. Bd1 Nb8 33. g5 hxg5 34. hxg5 Nc6+ 35. Kf4 b4 36. cxb4 b5 37. Nb1 Nxb4 38. Nc3 Kc6 39. Ke3 Bg6 40. Ne2 dxe4 41. fxe4 Bh5 42. d5+ Kc5 43. dxe6 fxe6 44. Nf4 Bxd1 45. Nxe6+ Kd6 46. Nxg7 Ke5 47. Nf5 Nd5+ 48. Kd2 Bf3 49. g6 Bxe4 50. g7 c3+ 51. Kc1 Nf6 52. Ne7 b4 0-1

[Event "SRB-chT 1st League"]
[Site "Bajina Basta"]
[Date "2019.09.15"]
[Round "4.11"]
[White "Radovanovic, Dusan"]
[Black "Markovic, Zoran S"]
[Result "1/2-1/2"]
[WhiteElo "2318"]
[BlackElo "2323"]
[PlyCount "131"]
[EventDate "2019.09.13"]
[EventType "team-tourn"]
[EventRounds "11"]
[EventCountry "SRB"]
[SourceTitle "CBM 195 Extra"]
[Source "ChessBase"]
[SourceDate "2020.05.31"]
[SourceVersion "1"]
[SourceVersionDate "2020.05.31"]
[SourceQuality "1"]
[WhiteTeam "Pozega"]
[BlackTeam "Petrovac Sloga"]
[WhiteTeamCountry "SRB"]
[BlackTeamCountry "SRB"]

1. e4 c5 2. Nf3 Nc6 3. d4 cxd4 4. Nxd4 Nf6 5. Nc3 e5 6. Ndb5 d6 7. Bg5 a6 8. Na3 b5 9. Bxf6 gxf6 10. Nd5 f5 11. Bd3 Be6 12. c3 Bg7 13. Nxb5 axb5 14. Bxb5 Bd7 15. exf5 0-0 16. 0-0 e4 17. a4 Re8 18. Qg4 Rc8 19. Rfe1 Re5 20. Ne3 Qf6 21. Rad1 Kh8 22. Qe2 Bxf5 23. Nxf5 Qxf5 24. Rxd6 Nb8 25. Red1 Bf6 26. c4 Rg8 27. R6d5 Rxd5 28. Rxd5 Qe6 29. g3 Nc6 30. Bxc6 Qxc6 31. Qxe4 Bxb2 32. Qb1 Bg7 33. Qb5 Qe6 34. Rd1 Rc8 35. a5 Bf8 36. a6 Bc5 37. Qd7 Qxd7 38. Rxd7 Kg7 39. Rd5 Rc6 40. Kf1 Ba7 41. Ra5 Rxc4 42. Ra2 Re4 43. Kg2 Kg6 44. Kf3 Re6 45. Kg2 Kf5 46. Kf3 Rc6 47. Ra5+ Kf6 48. Ra2 h6 49. h3 Rc3+ 50. Kg2 Ke6 51. Re2+ Kf6 52. Ra2 Rc6 53. Kf3 Rc5 54. Kg2 Kg6 55. Kf3 Rf5+ 56. Kg2 Rf6 57. Kf1 Kg7 58. Kg2 Kf8 59. Kf1 Ke7 60. Kg2 Kd7 61. Rd2+ Kc7 62. Ra2 Kc6 63. Rb2 Kd5 64. Ra2 Kc4 65. f4 Kb5 66. Kf3 1/2-1/2

[Event "Veliko Gradiste Silver Lake op-A"]
[Site "Veliko Gradiste"]
[Date "2019.06.17"]
[Round "2"]
[White "Ozkan, Taha"]
[Black "Markovic, Zoran S"]
[Result "0-1"]
[WhiteElo "2039"]
[BlackElo "2334"]
[PlyCount "72"]
[EventDate "2019.06.16"]
[EventType "swiss"]
[EventRounds "9"]
[EventCountry "SRB"]
[SourceTitle "CBM 191 Extra"]
[Source "ChessBase"]
[SourceDate "2019.09.30"]
[SourceVersion "1"]
[SourceVersionDate "2019.09.30"]
[SourceQuality "1"]

1. d4 d5 2. c4 e6 3. cxd5 exd5 4. Nc3 Nf6 5. Bg5 c6 6. Qc2 Be7 7. e3 0-0 8. Bd3 Nbd7 9. h3 Re8 10. Nf3 Nf8 11. g4 Be6 12. 0-0-0 Ne4 13. Bxe7 Qxe7 14. Bxe4 dxe4 15. Qxe4 b5 16. Nd2 b4 17. Na4 Qf6 18. Qd3 Qxf2 19. Ne4 Qh4 20. Nd6 Re7 21. e4 Rd8 22. e5 f6 23. Kb1 fxe5 24. dxe5 Ng6 25. Rhe1 Qg5 26. Nc5 Bd5 27. Nf5 Rxe5 28. Rxe5 Nxe5 29. Qc2 Ng6 30. b3 Nh4 31. Nd4 Re8 32. Rf1 Qe3 33. Nf5 Qxh3 34. Qf2 Nxf5 35. Qxf5 Qe3 36. Nd3 g6 0-1

[Event "Veliko Gradiste Silver Lake op-A"]
[Site "Veliko Gradiste"]
[Date "2019.06.16"]
[Round "1"]
[White "Markovic, Zoran S"]
[Black "Srdanovic, Jovana"]
[Result "1-0"]
[WhiteElo "2334"]
[BlackElo "2033"]
[PlyCount "91"]
[EventDate "2019.06.16"]
[EventType "swiss"]
[EventRounds "9"]
[EventCountry "SRB"]
[SourceTitle "CBM 191 Extra"]
[Source "ChessBase"]
[SourceDate "2019.09.30"]
[SourceVersion "1"]
[SourceVersionDate "2019.09.30"]
[SourceQuality "1"]

1. e4 c5 2. Nf3 e6 3. d4 cxd4 4. Nxd4 Nf6 5. Nc3 d6 6. f4 Be7 7. Be3 0-0 8. Qf3 Nc6 9. 0-0-0 Qc7 10. Rg1 Nxd4 11. Bxd4 e5 12. fxe5 dxe5 13. Qg3 Ng4 14. Nd5 Qd6 15. Bc3 Bg5+ 16. Kb1 Bf4 17. Qh4 Qh6 18. Qxh6 Nxh6 19. g3 Bg4 20. Rd3 Bg5 21. h3 Bh5 22. Bxe5 f5 23. exf5 Rxf5 24. Bf4 Bg6 25. Bxg5 Rxg5 26. Ne7+ Kf8 27. Nxg6+ Rxg6 28. Rd7 Re8 29. Bc4 Re7 30. Rd8+ Re8 31. Rf1+ Ke7 32. Rd3 Rc8 33. Re3+ Kd7 34. Bd3 Rd6 35. Bb5+ Kc7 36. Re7+ Kb6 37. Bd3 Rc7 38. Rxc7 Kxc7 39. Bxh7 g6 40. Kc1 Nf5 41. Bxg6 Nxg3 42. Rf7+ Kb6 43. Bd3 Rh6 44. Rh7 Rf6 45. Rg7 Rf3 46. h4 1-0

[Event "SRB-chT Central"]
[Site "Kragujevac"]
[Date "2018.09.20"]
[Round "9.2"]
[White "Radivojevic, Ivan"]
[Black "Markovic, Zoran S"]
[Result "1/2-1/2"]
[WhiteElo "2360"]
[BlackElo "2346"]
[PlyCount "33"]
[EventDate "2018.09.14"]
[EventType "team-tourn"]
[EventRounds "11"]
[EventCountry "SRB"]
[SourceTitle "CBM 186 Extra"]
[Source "ChessBase"]
[SourceDate "2018.08.24"]
[SourceVersion "1"]
[SourceVersionDate "2018.08.24"]
[SourceQuality "1"]
[WhiteTeam "Pozega"]
[BlackTeam "Petrovac Sloga"]
[WhiteTeamCountry "SRB"]
[BlackTeamCountry "SRB"]

1. e4 c5 2. Nc3 Nc6 3. f4 g6 4. Nf3 Bg7 5. Bb5 Nd4 6. 0-0 Nxb5 7. Nxb5 d5 8. exd5 a6 9. Nc3 Nf6 10. d4 c4 11. Qe2 Nxd5 12. Qxc4 Be6 13. Nxd5 Bxd5 14. Qe2 Rc8 15. Rf2 Bxf3 16. Rxf3 Qxd4+ 17. Kh1 1/2-1/2

[Event "Veliko Gradiste Silver Lake op-A"]
[Site "Veliko Gradiste"]
[Date "2018.06.22"]
[Round "7"]
[White "Mastrapovic, Vladimir"]
[Black "Markovic, Zoran S"]
[Result "1/2-1/2"]
[WhiteElo "2237"]
[BlackElo "2350"]
[PlyCount "76"]
[EventDate "2018.06.17"]
[EventType "swiss"]
[EventRounds "9"]
[EventCountry "SRB"]
[SourceTitle "CBM 185 Extra"]
[Source "ChessBase"]
[SourceDate "2018.07.29"]
[SourceVersion "1"]
[SourceVersionDate "2018.07.29"]
[SourceQuality "1"]

1. e4 c5 2. Nf3 Nc6 3. d4 cxd4 4. Nxd4 Nf6 5. Nc3 e5 6. Ndb5 d6 7. Bg5 a6 8. Na3 b5 9. Nd5 Be7 10. Bxf6 Bxf6 11. c4 b4 12. Nc2 a5 13. g3 0-0 14. Bg2 Be6 15. 0-0 Bxd5 16. Qxd5 Qb6 17. Qd3 Rfd8 18. h4 Be7 19. Ne3 Ra7 20. Rad1 a4 21. Rc1 Bf8 22. Rfd1 g6 23. Nd5 Qc5 24. g4 Nd4 25. Qd2 Rb8 26. g5 Bg7 27. Qe3 b3 28. a3 Ne6 29. Qg3 Nf4 30. Bf1 h5 31. Rd2 Qc8 32. Nc3 Bf8 33. Rcd1 Qc6 34. Nd5 Nxd5 35. Rxd5 Qc8 36. R1d2 Rba8 37. Be2 Rc7 38. Qf3 Qd8 1/2-1/2

[Event "Veliko Gradiste Silver Lake op-A"]
[Site "Veliko Gradiste"]
[Date "2018.06.18"]
[Round "3"]
[White "Dudin, Gleb"]
[Black "Markovic, Zoran S"]
[Result "0-1"]
[WhiteElo "2138"]
[BlackElo "2350"]
[PlyCount "62"]
[EventDate "2018.06.17"]
[EventType "swiss"]
[EventRounds "9"]
[EventCountry "SRB"]
[SourceTitle "CBM 185 Extra"]
[Source "ChessBase"]
[SourceDate "2018.07.29"]
[SourceVersion "1"]
[SourceVersionDate "2018.07.29"]
[SourceQuality "1"]

1. d4 d5 2. c4 e6 3. Nc3 Nf6 4. cxd5 exd5 5. Bg5 c6 6. e3 Be7 7. Qc2 0-0 8. Bd3 Nbd7 9. Nge2 Re8 10. 0-0 Nf8 11. f3 Be6 12. e4 dxe4 13. fxe4 Ng4 14. Bxe7 Qxe7 15. Rf3 c5 16. d5 Bd7 17. Nf4 c4 18. Bf1 b5 19. Re1 Nxh2 20. Rg3 Qh4 21. Nce2 Ng6 22. Nxg6 hxg6 23. Qd2 Rxe4 24. Qg5 Qxg5 25. Rxg5 Nxf1 26. Kxf1 Rae8 27. d6 b4 28. Ra5 Bg4 29. Rxa7 Rxe2 30. Rxe2 Bxe2+ 31. Kf2 Bg4 0-1

[Event "Veliko Gradiste Silver Lake op-A"]
[Site "Veliko Gradiste"]
[Date "2017.06.23"]
[Round "7"]
[White "Prithu, Gupta"]
[Black "Markovic, Zoran S"]
[Result "1-0"]
[WhiteElo "2155"]
[BlackElo "2353"]
[PlyCount "62"]
[EventDate "2017.06.18"]
[EventType "swiss"]
[EventRounds "9"]
[EventCountry "SRB"]
[SourceTitle "CBM 179 Extra"]
[Source "ChessBase"]
[SourceDate "2017.08.23"]
[SourceVersion "1"]
[SourceVersionDate "2017.08.23"]
[SourceQuality "1"]

1. e4 c5 2. Nf3 Nc6 3. d4 cxd4 4. Nxd4 Nf6 5. Nc3 e5 6. Ndb5 d6 7. Bg5 a6 8. Na3 b5 9. Bxf6 gxf6 10. Nd5 f5 11. Bd3 Be6 12. c3 Bg7 13. Nxb5 axb5 14. Bxb5 Bd7 15. exf5 Nb8 16. a4 0-0 17. f6 Bxf6 18. Qf3 Bxb5 19. Nxf6+ Kg7 20. Qxa8 Bc6 21. Nh5+ Kg6 22. Qa7 Kxh5 23. 0-0 Kg6 24. f4 f5 25. Rad1 e4 26. Rfe1 Rf6 27. Re3 Nd7 28. Rg3+ Kf7 29. a5 Qc8 30. c4 Ke6 31. Qd4 Qf8 1-0

[Event "Veliko Gradiste Silver Lake op-A"]
[Site "Veliko Gradiste"]
[Date "2017.06.20"]
[Round "4"]
[White "Markovic, Zoran S"]
[Black "Sahil, Tickoo"]
[Result "1/2-1/2"]
[WhiteElo "2353"]
[BlackElo "2229"]
[PlyCount "62"]
[EventDate "2017.06.18"]
[EventType "swiss"]
[EventRounds "9"]
[EventCountry "SRB"]
[SourceTitle "CBM 179 Extra"]
[Source "ChessBase"]
[SourceDate "2017.08.23"]
[SourceVersion "1"]
[SourceVersionDate "2017.08.23"]
[SourceQuality "1"]

1. e4 c6 2. d4 d5 3. e5 Bf5 4. Nf3 e6 5. Be2 c5 6. 0-0 Nc6 7. c3 Bg6 8. a3 cxd4 9. cxd4 Nge7 10. b4 Nc8 11. Bg5 Be7 12. Bxe7 Qxe7 13. Nc3 Nb6 14. Rc1 0-0 15. Na4 Nxa4 16. Qxa4 a6 17. Qb3 Be4 18. Qe3 Bxf3 19. Bxf3 Rfc8 20. Be2 Na7 21. Rc5 b6 22. Rxc8+ Nxc8 23. Qc3 Qb7 24. b5 axb5 25. Bxb5 Ne7 26. Rc1 Rc8 27. Qb2 Rxc1+ 28. Qxc1 Qa7 29. Bd3 h6 30. Qb2 Qa5 31. Qc1 Qa7 1/2-1/2